Central Library OPAC University of Rajshahi

General relativity and gravitation : (Record no. 70272)

MARC details
000 -LEADER
fixed length control field 01029nam a2200289 a 4500
001 - CONTROL NUMBER
control field 70272
003 - CONTROL NUMBER IDENTIFIER
rucl marc code BD-RjUL
005 - DATE AND TIME OF LATEST TRANSACTION
control field 20211209082000.0
008 - FIXED-LENGTH DATA ELEMENTS--GENERAL INFORMATION
fixed length control field 170417s1980 nyua b 001 0 eng
020 ## - INTERNATIONAL STANDARD BOOK NUMBER
International Standard Book Number 0306402653 (v. 1)
International Standard Book Number 0306402661 (v. 2)
035 ## - SYSTEM CONTROL NUMBER
System control number (BD-RjUL)70486
040 ## - CATALOGING SOURCE
Original cataloging agency DLC
Transcribing agency DLC
Modifying agency DLC
-- BD-RjUL
Language of cataloging eng
041 ## - LANGUAGE CODE
Language code of text/sound track or separate title eng
082 00 - DEWEY DECIMAL CLASSIFICATION NUMBER
Edition number 23
Classification number 530.11
Author mark and year GEN 1980
245 10 - TITLE STATEMENT
Title General relativity and gravitation :
Remainder of title one hundred years after the birth of Albert Einstein /
Statement of responsibility, etc. edited by A. Held.
260 ## - PUBLICATION, DISTRIBUTION, ETC. (IMPRINT)
Place of publication, distribution, etc. New York :
Name of publisher, distributor, etc. Plenum Press,
Date of publication, distribution, etc. c1980.
300 ## - PHYSICAL DESCRIPTION
Pagination v. :
Illustrations ill. ;
Size 24 cm.
490 ## - SERIES STATEMENT
Series statement A publication of the International Society on General Relativity and Gravitation
504 ## - BIBLIOGRAPHY, ETC. NOTE
Bibliography, etc Includes bibliographies and indexes.
505 ## - FORMATTED CONTENTS NOTE
Formatted contents note V. 1 --
650 #0 - SUBJECT ADDED ENTRY--TOPICAL TERM
Topical term or geographic name as entry element General relativity (Physics)
9 (RLIN) 156548
Topical term or geographic name as entry element Gravitation.
9 (RLIN) 208110
700 1# - ADDED ENTRY--PERSONAL NAME
Personal name Held, A.
Fuller form of name (Alan)
830 ## - SERIES ADDED ENTRY--UNIFORM TITLE
Uniform title A publication of the International Society on General Relativity and Gravitation
942 ## - ADDED ENTRY ELEMENTS (KOHA)
Source of classification or shelving scheme Dewey Decimal Classification
Koha item type Books
Holdings
Lost status Source of classification or shelving scheme Damaged status Not for loan Collection code Permanent Location Current Location Shelving location Date acquired Source of acquisition Cost, normal purchase price Total Checkouts Full call number Date last seen Copy number Koha item type
  Dewey Decimal Classification   Not For Loan Non-fiction Central Library, University of Rajshahi Central Library, University of Rajshahi Reading Room 17/05/1987 Asia Foundation 0.00   530.11 GEN V-1 1980 17/04/2017 C-1 Books